<?xml version="1.0" encoding="UTF-8"?>
<record
    xmlns:xsi="http://www.w3.org/2001/XMLSchema-instance"
    xsi:schemaLocation="http://www.loc.gov/MARC21/slim http://www.loc.gov/standards/marcxml/schema/MARC21slim.xsd"
    xmlns="http://www.loc.gov/MARC21/slim">

  <leader>00819nam a22002177a 4500</leader>
  <controlfield tag="003">UA-OsUOA</controlfield>
  <controlfield tag="001"> 119409 </controlfield>
  <controlfield tag="007">ta</controlfield>
  <controlfield tag="008">20161031b un ||||| |||| 00| 0 ukr d</controlfield>
  <datafield tag="100" ind1=" " ind2=" ">
    <subfield code="a">&#x41A;&#x43E;&#x441;&#x442;&#x44E;&#x447;&#x435;&#x43D;&#x43A;&#x43E; &#x41E;.</subfield>
  </datafield>
  <datafield tag="090" ind1=" " ind2=" ">
    <subfield code="a">908</subfield>
    <subfield code="b">&#x41A;72</subfield>
  </datafield>
  <datafield tag="942" ind1=" " ind2=" ">
    <subfield code="c">SA</subfield>
  </datafield>
  <datafield tag="040" ind1=" " ind2=" ">
    <subfield code="a">UA-OsUOA</subfield>
    <subfield code="b">ukr</subfield>
    <subfield code="c">UA-OsUOA</subfield>
    <subfield code="d">UA-OsUOA</subfield>
  </datafield>
  <datafield tag="245" ind1=" " ind2=" ">
    <subfield code="a">&#x41F;&#x435;&#x442;&#x440;&#x43E; &#x41F;&#x43E;&#x440;&#x43E;&#x448;&#x435;&#x43D;&#x43A;&#x43E;: &#x43E;&#x434;&#x43D;&#x438;&#x43C; &#x456;&#x437; &#x43B;&#x43E;&#x43A;&#x43E;&#x43C;&#x43E;&#x442;&#x438;&#x432;&#x456;&#x432; &#x440;&#x443;&#x445;&#x443; &#x43D;&#x430;&#x448;&#x43E;&#x457; &#x43E;&#x43D;&#x43E;&#x432;&#x43B;&#x435;&#x43D;&#x43E;&#x457; &#x454;&#x432;&#x440;&#x43E;&#x43F;&#x435;&#x439;&#x441;&#x44C;&#x43A;&#x43E;&#x457; &#x423;&#x43A;&#x440;&#x430;&#x457;&#x43D;&#x438; &#x454; &#x41E;&#x441;&#x442;&#x440;&#x43E;&#x437;&#x44C;&#x43A;&#x430; &#x430;&#x43A;&#x430;&#x434;&#x435;&#x43C;&#x456;&#x44F;. &#x41F;&#x440;&#x435;&#x437;&#x438;&#x434;&#x435;&#x43D;&#x442; &#x432;&#x437;&#x44F;&#x432; &#x443;&#x447;&#x430;&#x441;&#x442;&#x44C; &#x432; &#x443;&#x440;&#x43E;&#x447;&#x438;&#x441;&#x442;&#x43E;&#x441;&#x442;&#x44F;&#x445; &#x437; &#x43D;&#x430;&#x433;&#x43E;&#x434;&#x438; 440-&#x440;&#x456;&#x447;&#x447;&#x44F; &#x43D;&#x430;&#x446;&#x441;&#x442;&#x430;&#x440;&#x456;&#x448;&#x43E;&#x433;&#x43E; &#x432;&#x438;&#x448;&#x443; &#x421;&#x445;&#x456;&#x434;&#x43D;&#x43E;&#x457; &#x404;&#x432;&#x440;&#x43E;&#x43F;&#x438;</subfield>
  </datafield>
  <datafield tag="300" ind1=" " ind2=" ">
    <subfield code="a">&#x421;.1,2</subfield>
  </datafield>
  <datafield tag="955" ind1=" " ind2=" ">
    <subfield code="a">0</subfield>
  </datafield>
  <datafield tag="041" ind1=" " ind2=" ">
    <subfield code="a">ukr</subfield>
  </datafield>
  <datafield tag="080" ind1=" " ind2=" ">
    <subfield code="a">908</subfield>
  </datafield>
  <datafield tag="773" ind1="0" ind2=" ">
    <subfield code="w">119408</subfield>
  </datafield>
  <datafield tag="650" ind1=" " ind2="7">
    <subfield code="a">908 &#x41A;&#x440;&#x430;&#x454;&#x437;&#x43D;&#x430;&#x432;&#x441;&#x442;&#x432;&#x43E;</subfield>
    <subfield code="2">UDC</subfield>
  </datafield>
  <datafield tag="999" ind1=" " ind2=" ">
    <subfield code="c">405369</subfield>
    <subfield code="d">405369</subfield>
  </datafield>
</record>
